Красота и мозг: Биологические аспекты эстетики; пер. с англ.

書目詳細資料
其他作者: Ренчлер И. (редактор), Херцбергер Б. (переводчик), Эпстайн Д., Снетков М. А.
語言:俄语
出版: Москва, Мир, 1995
主題:
格式: 圖書
KOHA link:https://koha.lib.tpu.ru/cgi-bin/koha/opac-detail.pl?biblionumber=1245

MARC

LEADER 00000nam0a2200000 4500
001 1245
005 20231101204156.0
010 |a 5030024034 
035 |a (RuTPU)RU\TPU\book\1252 
035 |a BOOK00001254 
090 |a 1245 
100 |a 20011209d1995 km y0rusy50 ca 
101 1 |a rus  |c eng 
102 |a RU 
105 |a a z 000zy 
200 1 |a Красота и мозг  |e Биологические аспекты эстетики  |e пер. с англ.   |f Под ред. И. Ренчлер, Б. Херцбергер, Д. Эпстайн; Пер. М. А. Снетков 
210 |a Москва  |c Мир  |d 1995 
215 |a 335 с.  |c ил. 
606 |a Молекулярная нейробиология  |2 stltpush  |3 (RuTPU)RU\TPU\subj\44293  |9 63650 
606 |a Идеал эстетический  |2 stltpush  |3 (RuTPU)RU\TPU\subj\12177  |9 39011 
610 1 |a эстетика 
610 1 |a биологические аспекты 
610 1 |a красота 
610 1 |a мозг 
610 1 |a нейроэстетика 
675 |a 577.25  |v 3 
686 |a Ю811  |v LBC/SL-A  |2 rubbk 
702 1 |a Ренчлер  |b И.  |4 340 
702 1 |a Херцбергер  |b Б.  |4 340 
702 1 |a Эпстайн  |b Д.  |4 340 
702 1 |a Снетков  |b М. А.  |4 730 
801 0 |a RU  |b 63413507  |c 20011209  |g PSBO 
801 2 |a RU  |b 63413507  |c 20180613  |g PSBO 
942 |c BK